000 00388nam a2200145Ia 4500
008 210210b1976 xxu||||| |||| 00| 0 eng d
082 _a361.2 CURL
100 _aCURRIE (Joe).
245 _aLearning through doing: booklet 1 social awareness.
260 _aMadras
_bAicuf Publications
_c1976
300 _a44
650 _asocial awareness
690 _aSocial Problems
906 _a038582
999 _c88623
_d88623